000 00437nam a2200157Ia 4500
008 231019s9999 xx 000 0 und d
082 _a001.42
_bRAN-R
100 _aKumar;Ranjit
245 0 _aResearch Methodology/
_cRanjit Kumar
250 _a2nd ed.
260 _aIndia;
_bSage Publications;
_c2015
300 _axix, 332 p.:
_bill;
_c23.3 cm.
500 _aInclude index.
650 _aComputer Science/Data Processing
999 _c34504
_d34504